| 000 | 01239nam a2200409 a 4500 | ||
|---|---|---|---|
| 001 | 21959 | ||
| 003 | CZ PrNK | ||
| 005 | 20260316114655.0 | ||
| 007 | ta | ||
| 008 | 080707s2008 xr a a 000 j slo | ||
| 015 | _acnb001811014 | ||
| 020 |
_a9788025208953 _q(váz.) _z978-80-252-0895-5 |
||
| 035 | _a(OCoLC)237197078 | ||
| 040 |
_aABA001 _bcze |
||
| 041 | 1 |
_aslo _heng |
|
| 072 | 7 |
_a821-93 _xLiteratura pro děti a mládež (beletrie) _2Konspekt |
|
| 080 |
_a821-93 _2MRF |
||
| 080 |
_a821-32 _2MRF |
||
| 080 |
_a(0:82-32) _2MRF |
||
| 245 | 0 | 0 | _aBella má dobrý nápad |
| 250 | _a1. vyd. | ||
| 260 |
_aV Prahe : _bEgmont, _c2008 |
||
| 300 |
_a[24] s. : _bbarev. il. ; _c28 cm |
||
| 490 | 1 | _aDisney. Princezné | |
| 500 | _aPřeloženo z angličtiny | ||
| 500 | _aNad názvem: Disney | ||
| 655 | 7 |
_apříběhy _2czenas |
|
| 655 | 7 |
_apublikace pro děti _2czenas |
|
| 655 | 9 |
_astories _2eczenas |
|
| 655 | 9 |
_achildren's literature _2eczenas |
|
| 710 | 2 | _aWalt Disney Enterprises | |
| 765 | 0 | _tBelle's good intentions | |
| 830 | 0 |
_aDisney. _pPrincezné |
|
| 901 |
_aISBN 978-80-252-0895-5 _b9788025208953 _f1. vyd. _gChybné ISBN uvedeno na rubu titulního listu _o20081003 |
||
| 910 | _aABA001 | ||
| 942 |
_2ddc _cKLDE _n0 |
||
| 999 |
_c21959 _d21959 |
||